00527nam a2200193Ia 450000500170000000800410001702000220005804000190008004100120009908200170011110000130012824500580014126000520019930000110025150400250026265000150028765100210030285000100032320230426113450.0131103s9999 xx 000 0 und d a8173040303cRs.35 aLoreto College aEnglish a338.954bRAY aRay,S.N. aCommunication and rural development in IndiacS.N.Ray aSimlabIndian Institute Of Advanced Studyc1992 a42 p.  aIncludes references  aProduction aProduction-India aLCLIB